02197 a2200157 45000010006000000050017000060080041000230030015000640400040000790800140001192450102002592640126003613000019004875051507005061000026020135931320260407155847.0260407a1973 arg spa dAR-UNSa-BCEJYS aAR-UNSa-BCEJYSbspacAR-UNSa-BCEJYS a338.2(8)xPolítica económica. Control de la economía. gestión de la economía. planificación económica en América Latina10aLa creación de un mercado comúnpapuntes históricos sobre la experiencia de Centroamérica 1aBuenos Aires :bBID/INTAL (Banco Interamericano de Desarrollo. Instituto para la integración de América Latina)c1973 a270 p.c23 cm. aParte I: Los antecedentes: 1. Independencia y fragmentación (1823-1839) – 2. Esfuerzos unionistas de 1839 a 1923 – 3. Aislacionismo en la primera mitad del siglo XX – Parte II: Los primeros pasos hacia la integración: 4. Antecedentes y vigencia de los tratados bilaterales de libre comercio (1951 a 1959) – 5. Surgimiento y orientación del Programa Multilateral (1951 – 1952) – 6. El afianzamiento institucional (1952-1958) – 7. Las actividades del Comité de Cooperación Económica de 1953 a 1956 – 8. Las actividades del Comité de Cooperación Económica entre 1956 y 1958 – 9. El Tratado Multilateral de Libre Comercio e Integración Económica Centroamericana – 10. El convenio sobre el Régimen de Industrias Centroamericanas de Integración – 11. Hacia la unión aduanera mediante la unificación arancelaria – 12. El Convenio Centroamericano sobre Equiparación de Gravámenes a la Importación – Parte III: La creación del Mercado Común: 13. El inicio de la integración económica acelerada: el Plan Tripartito – 14. El Tratado de Asociación Económica – 15. Del Tratado Tripartito a la resolución 101 – 16. El Tratado General de Integración Económica Centroamericana – 17. El Primer Protocolo al Convenio de Equiparación Arancelaria – 18. El surgimiento del Banco Centroamericano de Integración Económica – 19. Vigencia de los tratados de Managua e incorporación de Costa Rica al Mercado Común (1961-1963)1 aFuentes Mohr, Alberto